| 000 | 00761cab a2200253 4500 | ||
|---|---|---|---|
| 001 | ABS55397 | ||
| 008 | 090401t1996 xxu||||| |||| 00| 0 eng d | ||
| 035 | _a(Sirsi) u16160 | ||
| 041 | _aeng | ||
| 100 | _aCollar, N. | ||
| 245 | _aPlanning permission: underlying principles | ||
| 260 | _c1996 | ||
| 350 | _a0 | ||
| 490 |
_aProperty Law _v(20) April 1996, 9-11(3) |
||
| 520 | _aOutlines the provisions of the Town and Country Planning (Scotland) Act 1972 dealing with planning permissions, | ||
| 650 | _aPLANNING PERMISSION | ||
| 650 | _aPLANNING PERMISSIONS | ||
| 650 | _aSCOTLAND | ||
| 650 | _aSCOTS LAW | ||
| 650 | _aTOWN AND COUNTRY PLANNING (SCOTLAND) ACT 1972 | ||
| 690 | _aPLANNING LAW AND PRACTICE | ||
| 942 | _n0 | ||
| 948 | _c04/03/1997 | ||
| 999 |
_c10623 _d10623 |
||